000 00866nam a22001935i 4500
001 161345
003 ES-MaACL
005 20250728221711.0
008 020917s1876 fr |||| | fre d
040 _aCCPB | B
_bspa
_cCCPB | B
100 1 _aPapillon, Fernand.
_9130816
245 1 0 _aHistoire de la philosophie moderne dans ses rapports avec le développement des sciences de la nature /
_couvrage posthume de Fernand Papillon ; publié sur le désir de sa famille par Charles Lévèque ; avec une notice biographique.
260 _aParis :
_bLibrairie Hachette et Cie,
_c1876 (
_fImprimerie de Martinet)
300 _a2 v. (XXXVI, XXXII, 351; XXV, 419 p.) ;
_c23 cm.
650 7 _aFilosofía de la naturaleza
_2embne
_912839
700 1 _aLévêque, Charles (
_d1818-1900)
_9129189
852 _aES-MaACL
_jF-10441-42
_z-- Enc. cart.
999 _c161345
_d161345